| 000 | 00458nam a2200181Ia 4500 | ||
|---|---|---|---|
| 005 | 20250508162028.0 | ||
| 008 | 008 250505s9999 xx 000 0 hin d | ||
| 037 | _aTextual | ||
| 040 |
_aFEDL _beng _cFEDL |
||
| 041 |
_ahin _2hin |
||
| 084 |
_aFH, WIL _qFEDL |
||
| 100 |
_aWild Oskar _9772098 |
||
| 245 | 0 | _aApni chaya | |
| 260 |
_aDelhi, India _bRajpal and Sons |
||
| 300 | _a304p. | ||
| 942 |
_cTEXL _hFH, WIL |
||
| 999 |
_c1373929 _d1373929 |
||